Organic chemistry : (Record no. 304)

000 -LEADER
fixed length control field 01860nam a22004937a 4500
001 - CONTROL NUMBER
control field 12456527
003 - CONTROL NUMBER IDENTIFIER
control field LIBRIS
005 - DATE AND TIME OF LATEST TRANSACTION
control field 20241030100659.0
008 - FIXED-LENGTH DATA ELEMENTS--GENERAL INFORMATION
fixed length control field 111221s2012 caua|||||b||||001 0|eng|c
020 ## - INTERNATIONAL STANDARD BOOK NUMBER
International Standard Book Number 1111425566
020 ## - INTERNATIONAL STANDARD BOOK NUMBER
International Standard Book Number 9781111425562
035 ## - SYSTEM CONTROL NUMBER
System control number (OCoLC)704339249
Canceled/invalid control number (OCoLC)651905588
035 ## - SYSTEM CONTROL NUMBER
System control number (OCoLC)ocn704339249
040 ## - CATALOGING SOURCE
Original cataloging agency AU@
Language of cataloging eng
Transcribing agency AU@
Modifying agency CNAUC
-- BTCTA
-- YDXCP
-- Ju
Description conventions a
041 ## - LANGUAGE CODE
Language code of text/sound track or separate title eng
050 #4 - LIBRARY OF CONGRESS CALL NUMBER
Classification number QD253.2
Item number .O74 2012
080 ## - UNIVERSAL DECIMAL CLASSIFICATION NUMBER
Universal Decimal Classification number 54
Item number O-72
082 04 - DEWEY DECIMAL CLASSIFICATION NUMBER
Classification number 547
Edition number 22
084 ## - OTHER CLASSIFICATION NUMBER
Classification number Uceb
Number source kssb/8 (machine generated)
100 ## - MAIN ENTRY--PERSONAL NAME
9 (RLIN) 189
Personal name Hart,J.David
245 10 - TITLE STATEMENT
Title Organic chemistry :
Remainder of title a short course /
Statement of responsibility, etc. David J. Hart ... [et al.].
250 ## - EDITION STATEMENT
Edition statement 13th Ed.
260 ## - PUBLICATION, DISTRIBUTION, ETC.
Place of publication, distribution, etc. Belmont, CA :
Name of publisher, distributor, etc. Cengage Learning,
Date of publication, distribution, etc. 2012.
300 ## - PHYSICAL DESCRIPTION
Extent xxviii, 580 p.
Other physical details ill. (some col.)
Dimensions 29 cm.
340 ## - PHYSICAL MEDIUM
Dimensions 29 cm.
504 ## - BIBLIOGRAPHY, ETC. NOTE
Bibliography, etc. note Includes bibliographical references and index.
650 #0 - SUBJECT ADDED ENTRY--TOPICAL TERM
Topical term or geographic name entry element Chemistry, Organic.
650 #7 - SUBJECT ADDED ENTRY--TOPICAL TERM
Topical term or geographic name entry element chemistry
Source of heading or term agrovoc
653 ## - INDEX TERM--UNCONTROLLED
Uncontrolled term ორგანული ქიმია
700 1# - ADDED ENTRY--PERSONAL NAME
Personal name Hart, David J.
Relationship aut
Authority record control number or standard number https://libris.kb.se/nl02xd963jzm14x#it
700 ## - ADDED ENTRY--PERSONAL NAME
Personal name Hadad,M.Cristopher
9 (RLIN) 190
700 ## - ADDED ENTRY--PERSONAL NAME
Personal name Harold,Hart
9 (RLIN) 192
700 ## - ADDED ENTRY--PERSONAL NAME
Personal name Craine,E.lesile
9 (RLIN) 191
852 8# - LOCATION
Former shelving location Uce EJ FJ�RRL�N
887 ## - NON-MARC INFORMATION FIELD
Content of non-MARC field {"@id":"7rkmlw4k53gdvw8","modified":"2012-01-09T13:26:28+01:00","checksum":"52261838300"}
Source of data librisxl
887 ## - NON-MARC INFORMATION FIELD
Content of non-MARC field {"@id":"w17k0x120pgfgpw","modified":"2019-07-26T13:45:10.273+02:00","checksum":"46772203055"}
Source of data librisxl
887 ## - NON-MARC INFORMATION FIELD
Content of non-MARC field {"@id":"48g01df9579nkxb","modified":"2013-11-04T12:14:17+01:00","checksum":"40128604746"}
Source of data librisxl
900 1s - EQUIVALENCE OR CROSS-REFERENCE-PERSONAL NAME [LOCAL, CANADA]
Linkage 700
Affiliation Hart, David J.
942 ## - ADDED ENTRY ELEMENTS (KOHA)
Source of classification or shelving scheme
Koha item type Books
Holdings
Withdrawn status Lost status Source of classification or shelving scheme Damaged status Not for loan Permanent location Current location Date acquired Inventory number Total Checkouts Total Renewals Full call number Barcode Date last seen Date last checked out Price effective from Koha item type
          Ken Walker International University Ken Walker International University 11/20/2020 906 7 2 54 O-72 906 01/17/2026 01/17/2026 11/20/2020 Books

Powered by Koha